[Event "Titled Tuesday intern op 05th Sep Late"]
[Site "Chess.com INT"]
[Date "2023.09.05"]
[Round "2"]
[White "Cabarkapa, Novak"]
[Black "Sahin, Ozgun"]
[Result "1-0"]
[WhiteElo "2438"]
[BlackElo "2173"]
[PlyCount "65"]
[EventDate "2023.09.05"]
[EventType "swiss (blitz)"]
[EventRounds "11"]
[EventCountry "USA"]
[SourceTitle "EXT 2024"]
[Source "ChessBase"]
[SourceDate "2023.10.10"]
[SourceVersion "1"]
[SourceVersionDate "2023.10.10"]
[SourceQuality "1"]

1. d4 d6 2. Nc3 Bf5 3. e4 Bg6 4. f4 Nf6 5. f5 Bh5 6. Qd3 e5 7. dxe5 dxe5 8. Qxd8+ Kxd8 9. h3 Bb4 10. g4 Nxe4 11. Nge2 Nc6 12. Be3 g6 13. 0-0-0+ Nd6 14. Nd5 gxf5 15. Bg5+ Kc8 16. gxh5 Ne4 17. Bh4 Bc5 18. Nec3 Bf2 19. Nxe4 Bxh4 20. Nec3 Nd4 21. Kb1 c6 22. Ne3 Kc7 23. Bc4 f6 24. Rhf1 f4 25. Ng4 Rad8 26. Nh6 Rd7 27. Ne4 f5 28. Nc5 Re7 29. Rxd4 exd4 30. Ne6+ Rxe6 31. Bxe6 Bg5 32. Nxf5 Re8 33. Bc4 1-0

[Event "Titled Tuesday intern op 05th Sep Late"]
[Site "Chess.com INT"]
[Date "2023.09.05"]
[Round "7"]
[White "Davidson, Kevin"]
[Black "Sahin, Ozgun"]
[Result "0-1"]
[WhiteElo "2154"]
[BlackElo "2173"]
[PlyCount "98"]
[EventDate "2023.09.05"]
[EventType "swiss (blitz)"]
[EventRounds "11"]
[EventCountry "USA"]
[SourceTitle "EXT 2024"]
[Source "ChessBase"]
[SourceDate "2023.10.10"]
[SourceVersion "1"]
[SourceVersionDate "2023.10.10"]
[SourceQuality "1"]

1. e4 c5 2. Nf3 Nc6 3. d4 cxd4 4. Nxd4 Nf6 5. Nc3 e5 6. Ndb5 d6 7. Nd5 Nxd5 8. exd5 Ne7 9. c4 Nf5 10. Bd3 g6 11. 0-0 Bg7 12. Bd2 0-0 13. Rc1 Qh4 14. g3 Qh3 15. Re1 a6 16. Bf1 Qh5 17. Be2 Qh3 18. Bg4 Ne3 19. Bxh3 Nxd1 20. Bxc8 axb5 21. Bxb7 Rab8 22. Rexd1 Rxb7 23. c5 dxc5 24. Rxc5 f5 25. d6 Rd7 26. Bc3 Ra8 27. a3 e4 28. Bxg7 Kxg7 29. Rxb5 Ra6 30. Rbd5 Rb6 31. b4 Ra6 32. Ra1 Kf7 33. b5 Ra5 34. a4 Ke6 35. Rdd1 Rxd6 36. Rxd6+ Kxd6 37. h4 Kc5 38. Kf1 Ra7 39. Ke2 Kb6 40. Ke3 Rd7 41. Ra2 Rd3+ 42. Kf4 Rf3+ 43. Kg5 e3 44. fxe3 Rxg3+ 45. Kh6 Rxe3 46. a5+ Ka7 47. a6 Re7 48. Kg5 Kb6 49. Kf6 Rc7 0-1

[Event "Titled Tuesday intern op 05th Sep Late"]
[Site "Chess.com INT"]
[Date "2023.09.05"]
[Round "11"]
[White "Sahin, Ozgun"]
[Black "Bogaudinov, Rushan"]
[Result "0-1"]
[WhiteElo "2173"]
[BlackElo "1853"]
[PlyCount "82"]
[EventDate "2023.09.05"]
[EventType "swiss (blitz)"]
[EventRounds "11"]
[EventCountry "USA"]
[SourceTitle "EXT 2024"]
[Source "ChessBase"]
[SourceDate "2023.10.10"]
[SourceVersion "1"]
[SourceVersionDate "2023.10.10"]
[SourceQuality "1"]

1. e4 a6 2. d4 e6 3. Nc3 b5 4. a3 Bb7 5. Bd3 c5 6. d5 Nf6 7. Bg5 h6 8. Bh4 c4 9. Be2 Qb6 10. Nf3 Bc5 11. 0-0 0-0 12. Bxf6 gxf6 13. Qd2 Kg7 14. Qf4 Rh8 15. e5 f5 16. d6 Nc6 17. Rad1 Rag8 18. Nh4 Kf8 19. Bf3 Rg5 20. g3 Nd8 21. Bxb7 Qxb7 22. Qf3 Rg4 23. Qxb7 Nxb7 24. h3 Rd4 25. Kh2 Rg8 26. Nf3 Rxd1 27. Nxd1 f6 28. exf6 Bxd6 29. c3 Kf7 30. Ne3 Kxf6 31. Rd1 Ke7 32. Kg2 f4 33. Ng4 h5 34. Nge5 Nc5 35. Rd4 fxg3 36. fxg3 Nd3 37. Nxd3 Rxg3+ 38. Kf2 cxd3 39. h4 Bc7 40. Rxd3 d5 41. Nd4 Rxd3 0-1

[Event "Titled Tuesday intern op 05th Sep Late"]
[Site "Chess.com INT"]
[Date "2023.09.05"]
[Round "6"]
[White "Sahin, Ozgun"]
[Black "Gerbelli Neto, Eduardo"]
[Result "1-0"]
[WhiteElo "2173"]
[BlackElo "2114"]
[PlyCount "73"]
[EventDate "2023.09.05"]
[EventType "swiss (blitz)"]
[EventRounds "11"]
[EventCountry "USA"]
[SourceTitle "EXT 2024"]
[Source "ChessBase"]
[SourceDate "2023.10.10"]
[SourceVersion "1"]
[SourceVersionDate "2023.10.10"]
[SourceQuality "1"]

1. e4 e5 2. Nf3 Nc6 3. d4 exd4 4. Nxd4 Bc5 5. Nb3 Bb6 6. Nc3 Nge7 7. Qe2 0-0 8. Be3 f5 9. 0-0-0 f4 10. Bxb6 axb6 11. f3 d6 12. g3 Ng6 13. g4 Be6 14. Nd5 Rxa2 15. Kb1 Ra8 16. h4 Nge5 17. h5 h6 18. Qg2 Na5 19. Nd4 Bxd5 20. exd5 Nac4 21. Bxc4 Nxc4 22. Qe2 Ne3 23. Ne6 Qd7 24. Rd4 Rfe8 25. Nxf4 Nxg4 26. Ne6 Nf6 27. Qd3 Nxd5 28. Nxg7 Kxg7 29. Rg4+ Kh8 30. Qxd5 Qe6 31. Qd4+ Qe5 32. Qd2 Re6 33. Rg6 Rxg6 34. hxg6 h5 35. Qh6+ Kg8 36. Qh7+ Kf8 37. Qf7# 1-0

[Event "Titled Tuesday intern op 05th Sep Late"]
[Site "Chess.com INT"]
[Date "2023.09.05"]
[Round "9"]
[White "Schnaider, Ilan"]
[Black "Sahin, Ozgun"]
[Result "1-0"]
[WhiteElo "2292"]
[BlackElo "2173"]
[PlyCount "41"]
[EventDate "2023.09.05"]
[EventType "swiss (blitz)"]
[EventRounds "11"]
[EventCountry "USA"]
[SourceTitle "EXT 2024"]
[Source "ChessBase"]
[SourceDate "2023.10.10"]
[SourceVersion "1"]
[SourceVersionDate "2023.10.10"]
[SourceQuality "1"]

1. d4 d6 2. e4 g6 3. Nc3 Bg7 4. f4 Nd7 5. Nf3 e5 6. Bc4 Nh6 7. 0-0 0-0 8. dxe5 dxe5 9. fxe5 Nb6 10. Qxd8 Rxd8 11. Bb3 Ng4 12. Bg5 Re8 13. Nb5 Be6 14. Nxc7 Bxb3 15. axb3 Nxe5 16. Nxe8 Rxe8 17. Rxa7 Nxf3+ 18. gxf3 Bxb2 19. Rxb7 Bd4+ 20. Kg2 Nc8 21. Rd1 1-0

[Event "Ankara Baskent Univ op 6th"]
[Site "Ankara"]
[Date "2023.08.19"]
[Round "7"]
[White "Yungucu, Arda"]
[Black "Sahin, Ozgun"]
[Result "1/2-1/2"]
[WhiteElo "2043"]
[BlackElo "2200"]
[PlyCount "87"]
[EventDate "2023.08.15"]
[EventType "swiss"]
[EventRounds "9"]
[EventCountry "TUR"]
[SourceTitle "CBM 215 Extra"]
[Source "ChessBase"]
[SourceDate "2023.09.30"]
[SourceVersion "1"]
[SourceVersionDate "2023.09.30"]
[SourceQuality "1"]

1. Nf3 g6 2. g3 Bg7 3. d4 d6 4. Bg2 Nd7 5. c4 e5 6. Nc3 Ne7 7. 0-0 0-0 8. e4 Nc6 9. Bg5 f6 10. Be3 exd4 11. Nxd4 Nde5 12. Nxc6 bxc6 13. b3 Bg4 14. f3 Bd7 15. c5 Qe7 16. h3 f5 17. f4 Nf3+ 18. Qxf3 Bxc3 19. Rac1 fxe4 20. Qxe4 Qxe4 21. Bxe4 Bb2 22. Rce1 Rae8 23. Bg2 Rxe3 24. Rxe3 Bd4 25. Rfe1 Re8 26. Kf2 Bxc5 27. b4 Bxe3+ 28. Rxe3 Rxe3 29. Kxe3 Be6 30. a3 Bd5 31. Be4 Bxe4 32. Kxe4 Kf7 33. g4 Ke6 34. Kd4 a6 35. Kc4 d5+ 36. Kd3 Kd6 37. Kd4 h6 38. a4 h5 39. a5 h4 40. Kd3 Ke6 41. Kc3 Ke7 42. Kd3 Ke6 43. Ke3 Ke7 44. Kd3 1/2-1/2

[Event "Cesme op-A 9th"]
[Site "Cesme"]
[Date "2023.06.22"]
[Round "5"]
[White "Sahin, Ozgun"]
[Black "Mosadeghpour, Masoud"]
[Result "0-1"]
[WhiteElo "2189"]
[BlackElo "2479"]
[PlyCount "52"]
[EventDate "2023.06.19"]
[EventType "swiss"]
[EventRounds "9"]
[EventCountry "TUR"]
[SourceTitle "CBM 214 Extra"]
[Source "ChessBase"]
[SourceDate "2023.07.31"]
[SourceVersion "1"]
[SourceVersionDate "2023.07.31"]
[SourceQuality "1"]

1. e4 e5 2. Nf3 Nc6 3. d4 exd4 4. Nxd4 Nf6 5. Nxc6 bxc6 6. Bd3 d5 7. exd5 cxd5 8. 0-0 Be7 9. c4 d4 10. Nd2 0-0 11. Ne4 Rb8 12. Qc2 Ng4 13. Ng3 g6 14. Bf4 Bg5 15. Bxg5 Qxg5 16. h3 Ne5 17. Rae1 Re8 18. Qa4 Bxh3 19. Rxe5 Rxe5 20. Qxa7 Rbe8 21. gxh3 h5 22. Kh1 Qf4 23. Qb7 h4 24. Ne2 Rxe2 25. Bxe2 Rxe2 26. Kg2 Qg3+ 0-1

[Event "Djenovici TS04 IM 5th"]
[Site "Djenovici"]
[Date "2023.05.23"]
[Round "4"]
[White "Sahin, Ozgun"]
[Black "Smirnov, Artem"]
[Result "0-1"]
[WhiteElo "2190"]
[BlackElo "2414"]
[PlyCount "38"]
[EventDate "2023.05.20"]
[EventType "tourn"]
[EventRounds "9"]
[EventCountry "MNE"]
[EventCategory "1"]
[SourceTitle "CBM 214 Extra"]
[Source "ChessBase"]
[SourceDate "2023.07.31"]
[SourceVersion "1"]
[SourceVersionDate "2023.07.31"]
[SourceQuality "1"]

1. e4 c5 2. Nf3 Nc6 3. d4 cxd4 4. Nxd4 e5 5. Nb5 d6 6. N1c3 a6 7. Na3 Be6 8. Nc4 Rb8 9. Ne3 Nf6 10. g3 h5 11. h4 g6 12. Bg2 Bg7 13. 0-0 Ne7 14. Qd3 Qc7 15. Rd1 Rd8 16. a4 0-0 17. Qe2 Nc6 18. Ncd5 Bxd5 19. exd5 Nd4 0-1

[Event "Djenovici TS04 IM 5th"]
[Site "Djenovici"]
[Date "2023.05.22"]
[Round "3"]
[White "Arsovic, Zoran"]
[Black "Sahin, Ozgun"]
[Result "1-0"]
[WhiteElo "2399"]
[BlackElo "2190"]
[PlyCount "41"]
[EventDate "2023.05.20"]
[EventType "tourn"]
[EventRounds "9"]
[EventCountry "MNE"]
[EventCategory "1"]
[SourceTitle "CBM 214 Extra"]
[Source "ChessBase"]
[SourceDate "2023.07.31"]
[SourceVersion "1"]
[SourceVersionDate "2023.07.31"]
[SourceQuality "1"]

1. Nf3 c5 2. c4 g6 3. d4 cxd4 4. Nxd4 Nc6 5. e4 Nf6 6. Nc3 Nxd4 7. Qxd4 d6 8. Be2 Bg7 9. Be3 0-0 10. Qd2 Qa5 11. f3 Be6 12. Rc1 Rfc8 13. b3 a6 14. Na4 Qxd2+ 15. Kxd2 Nd7 16. g4 f5 17. gxf5 gxf5 18. Nc3 b5 19. Rhg1 Kh8 20. Nd5 Bxd5 21. exd5 1-0

[Event "EU-ch 23rd"]
[Site "Vrnjacka Banja"]
[Date "2023.03.12"]
[Round "10"]
[White "Biyiksiz, Ali Batuhan"]
[Black "Sahin, Ozgun"]
[Result "1/2-1/2"]
[WhiteElo "1994"]
[BlackElo "2177"]
[PlyCount "43"]
[EventDate "2023.03.03"]
[EventType "swiss"]
[EventRounds "11"]
[EventCountry "SRB"]
[SourceTitle "CBM 213"]
[Source "ChessBase"]
[SourceDate "2023.04.30"]
[SourceVersion "1"]
[SourceVersionDate "2023.04.30"]
[SourceQuality "1"]

1. d4 g6 2. c4 Bg7 3. Nc3 d6 4. e4 Nd7 5. Nf3 e5 6. Bg5 f6 7. Be3 Ne7 8. Qd2 0-0 9. dxe5 Nxe5 10. Nxe5 dxe5 11. Qxd8 Rxd8 12. Bc5 Bf8 13. Bxe7 Bxe7 14. Nd5 Bd6 15. 0-0-0 Kg7 16. b4 c6 17. Ne3 Be6 18. c5 Be7 19. Bc4 Kf7 20. Rxd8 Rxd8 21. Rd1 Rxd1+ 22. Kxd1 1/2-1/2

[Event "EU-ch 23rd"]
[Site "Vrnjacka Banja"]
[Date "2023.03.06"]
[Round "4"]
[White "Rozen, Eytan"]
[Black "Sahin, Ozgun"]
[Result "1-0"]
[WhiteElo "2458"]
[BlackElo "2177"]
[PlyCount "75"]
[EventDate "2023.03.03"]
[EventType "swiss"]
[EventRounds "11"]
[EventCountry "SRB"]
[SourceTitle "CBM 213"]
[Source "ChessBase"]
[SourceDate "2023.04.30"]
[SourceVersion "1"]
[SourceVersionDate "2023.04.30"]
[SourceQuality "1"]

1. d4 d5 2. c4 e6 3. Nf3 Nf6 4. g3 Bb4+ 5. Bd2 Be7 6. Bg2 0-0 7. 0-0 dxc4 8. Qc2 a6 9. a4 c5 10. dxc5 Bxc5 11. Qxc4 Qe7 12. Rc1 Nbd7 13. Nc3 Nb6 14. Qh4 h6 15. a5 Nbd5 16. Na4 Bb4 17. Bxb4 Qxb4 18. Qxb4 Nxb4 19. Ne5 Nbd5 20. e4 Nb4 21. Nb6 Rb8 22. Rc7 Nc6 23. f4 Na7 24. Rd1 Nc6 25. Rc1 Na7 26. h4 Ne8 27. R7c2 Nf6 28. g4 Rd8 29. Rc7 Rf8 30. Bf3 g5 31. fxg5 hxg5 32. hxg5 Nh7 33. g6 fxg6 34. Bg2 Ng5 35. Nxg6 Rf7 36. Ne7+ Kg7 37. Nexc8 Nxc8 38. Rxf7+ 1-0

[Event "EU-ch 23rd"]
[Site "Vrnjacka Banja"]
[Date "2023.03.05"]
[Round "3"]
[White "Sahin, Ozgun"]
[Black "Popovic, Milan S"]
[Result "1-0"]
[WhiteElo "2177"]
[BlackElo "2393"]
[PlyCount "52"]
[EventDate "2023.03.03"]
[EventType "swiss"]
[EventRounds "11"]
[EventCountry "SRB"]
[SourceTitle "CBM 213"]
[Source "ChessBase"]
[SourceDate "2023.04.30"]
[SourceVersion "1"]
[SourceVersionDate "2023.04.30"]
[SourceQuality "1"]

1. e4 c5 2. Nf3 d6 3. d4 cxd4 4. Nxd4 Nf6 5. Nc3 a6 6. Be2 e5 7. Nb3 Be7 8. Be3 Be6 9. 0-0 0-0 10. Nd5 Nbd7 11. Qd3 Bxd5 12. exd5 Rc8 13. c4 a5 14. a4 b6 15. f4 exf4 16. Bxf4 Nc5 17. Nxc5 bxc5 18. Rf3 Ne8 19. Rh3 f5 20. Qe3 Bf6 21. Kh1 Qe7 22. Qxe7 Bxe7 23. Rb3 Bf6 24. Rb6 Be5 25. Bxe5 dxe5 26. Rb5 Rf6 1-0

[Event "Balikesir Krizantem Gp"]
[Site "Balikesir"]
[Date "2022.12.16"]
[Round "2.1"]
[White "Blesic, Vaso"]
[Black "Sahin, Ozgun"]
[Result "1-0"]
[WhiteElo "2262"]
[BlackElo "2254"]
[PlyCount "93"]
[EventDate "2022.12.15"]
[EventType "team-schev"]
[EventRounds "9"]
[EventCountry "TUR"]
[SourceTitle "CBM 212 Extra"]
[Source "ChessBase"]
[SourceDate "2023.03.31"]
[SourceVersion "1"]
[SourceVersionDate "2023.03.31"]
[SourceQuality "1"]
[WhiteTeam "Team B"]
[BlackTeam "Team D"]
[WhiteTeamCountry "TUR"]
[BlackTeamCountry "TUN"]

1. Nf3 g6 2. d4 Bg7 3. e4 d6 4. Nc3 Bg4 5. Bc4 e6 6. Be3 c6 7. h3 Bxf3 8. Qxf3 Nd7 9. h4 h5 10. a4 Ngf6 11. a5 0-0 12. Qg3 d5 13. Bd3 Ng4 14. Bg5 Qb8 15. Qxb8 Raxb8 16. f3 Nh6 17. Ne2 Rfe8 18. e5 Nf5 19. g4 Nxd4 20. Nxd4 Nxe5 21. Be2 hxg4 22. fxg4 Nxg4 23. Bxg4 Bxd4 24. 0-0-0 Bg7 25. h5 f6 26. Be3 f5 27. Be2 e5 28. hxg6 Re6 29. Bxa7 Ra8 30. Bb6 Rxg6 31. b4 Rg2 32. Bf1 Rg4 33. b5 Rb4 34. c3 Ra4 35. a6 cxb5 36. Bxb5 Ra1+ 37. Kc2 Rxd1 38. Rxd1 bxa6 39. Bc6 Rb8 40. Bxd5+ Kh7 41. Ba7 Rc8 42. Be6 Rf8 43. c4 e4 44. c5 f4 45. c6 Be5 46. Rd5 Ra8 47. Bb6 1-0

[Event "Balikesir Krizantem Gp"]
[Site "Balikesir"]
[Date "2022.12.15"]
[Round "1.6"]
[White "Citak, Selim"]
[Black "Sahin, Ozgun"]
[Result "1/2-1/2"]
[WhiteElo "2272"]
[BlackElo "2254"]
[PlyCount "65"]
[EventDate "2022.12.15"]
[EventType "team-schev"]
[EventRounds "9"]
[EventCountry "TUR"]
[SourceTitle "CBM 212 Extra"]
[Source "ChessBase"]
[SourceDate "2023.03.31"]
[SourceVersion "1"]
[SourceVersionDate "2023.03.31"]
[SourceQuality "1"]
[WhiteTeam "Team C"]
[BlackTeam "Team D"]
[WhiteTeamCountry "TUR"]
[BlackTeamCountry "TUN"]

1. d4 d6 2. Nf3 f5 3. g3 Nf6 4. Bg2 g6 5. c4 Bg7 6. 0-0 0-0 7. Nc3 c6 8. d5 e5 9. dxe6 Bxe6 10. b3 Na6 11. Bb2 Nc5 12. Ng5 Re8 13. Nxe6 Rxe6 14. Qc2 Nfe4 15. Nxe4 Nxe4 16. Rad1 Bxb2 17. Qxb2 Qf6 18. Qxf6 Nxf6 19. e3 Kf7 20. b4 a6 21. a4 Ke7 22. a5 Kd7 23. Rd4 Kc7 24. Rb1 Re5 25. Kf1 Ne4 26. Bxe4 fxe4 27. Rbd1 Re6 28. h4 Rf8 29. Kg2 h5 30. R4d2 Rf5 31. Rb1 Ree5 32. Rbd1 Re6 33. Rb1 1/2-1/2

[Event "Balikesir Papatya Gp"]
[Site "Balikesir"]
[Date "2022.12.08"]
[Round "1.1"]
[White "Schekachikhin, Maksim"]
[Black "Sahin, Ozgun"]
[Result "1-0"]
[WhiteElo "2358"]
[BlackElo "2254"]
[PlyCount "83"]
[EventDate "2022.12.08"]
[EventType "team-schev"]
[EventRounds "9"]
[EventCountry "TUR"]
[SourceTitle "CBM 212 Extra"]
[Source "ChessBase"]
[SourceDate "2023.03.31"]
[SourceVersion "1"]
[SourceVersionDate "2023.03.31"]
[SourceQuality "1"]
[WhiteTeam "Team A"]
[BlackTeam "Team B"]
[WhiteTeamCountry "BUL"]
[BlackTeamCountry "TUR"]

1. c4 Nf6 2. Nc3 e6 3. e4 e5 4. Nf3 Nc6 5. Be2 Bb4 6. d3 d6 7. a3 Bc5 8. b4 Bd4 9. Nxd4 Nxd4 10. 0-0 h6 11. f4 c6 12. Be3 a5 13. b5 Nd7 14. Rb1 Nc5 15. bxc6 bxc6 16. Bxd4 exd4 17. Na4 Nd7 18. c5 dxc5 19. Qc2 0-0 20. Nxc5 Qe7 21. Rfc1 Nf6 22. Qa4 Bg4 23. Bxg4 Nxg4 24. h3 Nf6 25. Qxd4 Rfd8 26. Qc3 Nh5 27. Qd2 Qd6 28. f5 Ng3 29. Qe3 Rab8 30. e5 Rxb1 31. exd6 Rxc1+ 32. Kf2 Nh1+ 33. Ke2 Rc2+ 34. Kd1 Rxg2 35. d7 Kf8 36. Qd4 Nf2+ 37. Kc1 Rg1+ 38. Kc2 Rg2 39. Qd6+ Kg8 40. Kc3 Nd1+ 41. Kd4 Rf2 42. Qc7 1-0

[Event "TUR-chT 1st League"]
[Site "Konya"]
[Date "2022.08.27"]
[Round "8.3"]
[White "Abdullayev, Azer"]
[Black "Sahin, Ozgun"]
[Result "0-1"]
[WhiteElo "2018"]
[BlackElo "2314"]
[PlyCount "84"]
[EventDate "2022.08.22"]
[EventType "team-swiss"]
[EventRounds "9"]
[EventCountry "TUR"]
[SourceTitle "CBM 209 Extra"]
[Source "ChessBase"]
[SourceDate "2022.09.30"]
[SourceVersion "1"]
[SourceVersionDate "2022.09.30"]
[SourceQuality "1"]
[WhiteTeam "Genc Akademisyenler"]
[BlackTeam "Pamukkale Universiteli"]
[WhiteTeamCountry "TUR"]
[BlackTeamCountry "TUR"]

1. d4 d6 2. e4 g6 3. Nc3 Bg7 4. Be3 c6 5. Qd2 Nd7 6. f3 a6 7. g4 b5 8. h4 h6 9. Nge2 b4 10. Nd1 a5 11. Ng3 e6 12. a3 Rb8 13. axb4 axb4 14. Be2 c5 15. c3 Ne7 16. Nf2 bxc3 17. bxc3 Nc6 18. d5 exd5 19. exd5 Na5 20. Qc2 Bb7 21. Rd1 Qe7 22. Nfe4 0-0 23. g5 h5 24. 0-0 f5 25. gxf6 Nxf6 26. Bg5 Qe8 27. c4 Bc8 28. Nxd6 Qe5 29. Nde4 Nxe4 30. Nxe4 Bf5 31. Rb1 Bxe4 32. Qxe4 Qg3+ 33. Kh1 Rbe8 34. Be7 Qh3+ 35. Kg1 Bd4+ 36. Rf2 Qg3+ 37. Kh1 Bxf2 38. Qe6+ Rf7 39. d6 Nc6 40. d7 Rexe7 41. Rb8+ Kh7 42. Qxg6+ Qxg6 0-1

[Event "Novi Sad TS Mix 225th"]
[Site "Novi Sad"]
[Date "2021.11.22"]
[Round "8"]
[White "Sai Agni, Jeevitesh J"]
[Black "Sahin, Ozgun"]
[Result "1-0"]
[WhiteElo "2319"]
[BlackElo "2266"]
[PlyCount "95"]
[EventDate "2021.11.22"]
[EventType "swiss"]
[EventRounds "9"]
[EventCountry "SRB"]
[SourceTitle "CBM 205 Extra"]
[Source "ChessBase"]
[SourceDate "2022.01.31"]
[SourceVersion "1"]
[SourceVersionDate "2022.01.31"]
[SourceQuality "1"]

1. Nf3 c5 2. c4 Nc6 3. Nc3 g6 4. e3 Nf6 5. d4 cxd4 6. exd4 d5 7. cxd5 Nxd5 8. Qb3 Nxc3 9. Bc4 Nd5 10. Bxd5 e6 11. Bxc6+ bxc6 12. 0-0 Bg7 13. Bf4 0-0 14. Qe3 Ba6 15. Rfc1 Qb6 16. Rc2 Rad8 17. Bh6 Rd5 18. Bxg7 Kxg7 19. Rac1 Bb7 20. b3 Rfd8 21. Rc5 e5 22. Rxd5 Rxd5 23. dxe5 Qxe3 24. fxe3 Ra5 25. Rc2 c5 26. Nd2 Bd5 27. Kf2 Kf8 28. h4 Ke7 29. e4 Be6 30. Ke3 h6 31. Kf4 Ra3 32. Nb1 Ra5 33. Nd2 Ra3 34. g4 Ra5 35. g5 h5 36. Nf1 Ra3 37. Ne3 Ra5 38. Nd5+ Ke8 39. Ke3 Kd7 40. Rd2 Kc6 41. Nf4 Kb5 42. Nxe6 fxe6 43. Rd6 Rxa2 44. Rxe6 Rh2 45. Rxg6 Rxh4 46. Rd6 Rg4 47. g6 c4 48. e6 1-0

[Event "Paracin Summer op 14th"]
[Site "Paracin"]
[Date "2021.07.13"]
[Round "6"]
[White "Sargsyan, Anna M"]
[Black "Sahin, Ozgun"]
[Result "1-0"]
[WhiteElo "2397"]
[BlackElo "2269"]
[PlyCount "30"]
[EventDate "2021.07.09"]
[EventType "swiss"]
[EventRounds "9"]
[EventCountry "SRB"]
[SourceTitle "EXT 2022"]
[Source "ChessBase"]
[SourceDate "2021.10.06"]
[SourceVersion "1"]
[SourceVersionDate "2021.10.06"]
[SourceQuality "1"]

1. d4 d6 2. e4 g6 3. Nc3 Bg7 4. f4 c6 5. Nf3 d5 6. e5 h5 7. h3 Nh6 8. Be3 Nf5 9. Bf2 Na6 10. Qd2 b6 11. 0-0-0 e6 12. g3 b5 13. Be2 Qa5 14. g4 b4 15. Nb1 Ne7 1-0

[Event "Paracin Summer op 14th"]
[Site "Paracin"]
[Date "2021.07.10"]
[Round "3"]
[White "Sahin, Ozgun"]
[Black "Radovanovic, Nikola"]
[Result "1/2-1/2"]
[WhiteElo "2269"]
[BlackElo "2395"]
[PlyCount "38"]
[EventDate "2021.07.09"]
[EventType "swiss"]
[EventRounds "9"]
[EventCountry "SRB"]
[SourceTitle "EXT 2022"]
[Source "ChessBase"]
[SourceDate "2021.10.06"]
[SourceVersion "1"]
[SourceVersionDate "2021.10.06"]
[SourceQuality "1"]

1. e4 c5 2. Nf3 Nc6 3. d4 cxd4 4. Nxd4 Nf6 5. Nc3 d6 6. Be2 e6 7. Be3 Be7 8. 0-0 0-0 9. f4 Bd7 10. Qd2 Nxd4 11. Bxd4 Bc6 12. Bf3 Qc7 13. f5 e5 14. Be3 b5 15. Nd5 Bxd5 16. exd5 Nd7 17. Be2 Rab8 18. Rf3 Rfc8 19. c3 a5 1/2-1/2

[Event "Paracin Summer op 14th"]
[Site "Paracin"]
[Date "2021.07.09"]
[Round "1"]
[White "Sahin, Ozgun"]
[Black "Aydin, Gulenay"]
[Result "1-0"]
[WhiteElo "2269"]
[BlackElo "1965"]
[PlyCount "85"]
[EventDate "2021.07.09"]
[EventType "swiss"]
[EventRounds "9"]
[EventCountry "SRB"]
[SourceTitle "EXT 2022"]
[Source "ChessBase"]
[SourceDate "2021.10.06"]
[SourceVersion "1"]
[SourceVersionDate "2021.10.06"]
[SourceQuality "1"]

1. e4 c5 2. Nf3 d6 3. d4 cxd4 4. Nxd4 Nf6 5. Nc3 g6 6. Be3 Bg7 7. f3 0-0 8. Qd2 Nc6 9. 0-0-0 Nxd4 10. Bxd4 Be6 11. Kb1 Qc7 12. g4 Rfc8 13. h4 Qa5 14. a3 Rab8 15. h5 b5 16. hxg6 fxg6 17. Nd5 Qxd2 18. Rxd2 Nxd5 19. exd5 Bxd4 20. Rxd4 Bf7 21. Bd3 Rc5 22. Be4 a5 23. g5 Kg7 24. b3 Rd8 25. f4 e5 26. dxe6 Bxe6 27. Rhd1 d5 28. R1d2 Rd7 29. Kb2 Rd8 30. Bf3 h5 31. gxh6+ Kxh6 32. Be2 Rb8 33. Bd3 Rb6 34. Rh2+ Kg7 35. Rg2 Bf7 36. f5 g5 37. Rxg5+ Kf6 38. Rg2 Rc7 39. Rh4 Ke7 40. Rh7 b4 41. Rgg7 Rf6 42. Rh4 Rb6 43. Rxf7+ 1-0

[Event "Belgrade Serbia op"]
[Site "Belgrade"]
[Date "2021.07.03"]
[Round "2"]
[White "Radojicic, Aleksandar M"]
[Black "Sahin, Ozgun"]
[Result "0-1"]
[WhiteElo "2112"]
[BlackElo "2269"]
[PlyCount "66"]
[EventDate "2021.07.02"]
[EventType "swiss"]
[EventRounds "9"]
[EventCountry "SRB"]
[SourceTitle "CBM 203 Extra"]
[Source "ChessBase"]
[SourceDate "2021.09.30"]
[SourceVersion "1"]
[SourceVersionDate "2021.09.30"]
[SourceQuality "1"]

1. d4 Nf6 2. Nc3 d5 3. Bf4 e6 4. e3 Bb4 5. Nge2 a6 6. g4 Ne4 7. a3 Nxc3 8. Nxc3 Be7 9. Qf3 c5 10. dxc5 Bxc5 11. g5 Nc6 12. 0-0-0 Qa5 13. Nb1 Be7 14. Qg3 Bd7 15. Bc7 Qc5 16. Nc3 b5 17. Be5 b4 18. axb4 Qxb4 19. Qf4 Nxe5 20. Qxe5 0-0 21. Rd4 Qa5 22. Rh4 f6 23. gxf6 Bxf6 24. Qh5 Bxh4 25. Bd3 h6 26. Qxh4 Rab8 27. Kd2 Qb4 28. Qg3 d4 29. Qg6 dxc3+ 30. bxc3 Rxf2+ 31. Ke1 Qh4 32. Qh7+ Kf7 33. Qg6+ Kf8 0-1

[Event "Mediterranean-ch 11th"]
[Site "Petrovac"]
[Date "2021.06.20"]
[Round "2"]
[White "Saraci, Nderim"]
[Black "Sahin, Ozgun"]
[Result "0-1"]
[WhiteElo "2430"]
[BlackElo "2284"]
[PlyCount "102"]
[EventDate "2021.06.19"]
[EventType "swiss"]
[EventRounds "9"]
[EventCountry "MNE"]
[SourceTitle "CBM 203 Extra"]
[Source "ChessBase"]
[SourceDate "2021.09.30"]
[SourceVersion "1"]
[SourceVersionDate "2021.09.30"]
[SourceQuality "1"]

1. Nf3 Nf6 2. g3 g6 3. Bg2 Bg7 4. 0-0 0-0 5. d4 d5 6. c4 c6 7. Qb3 dxc4 8. Qxc4 Be6 9. Qc2 Bf5 10. Qb3 Qb6 11. Qa3 Qa6 12. Nc3 Qxa3 13. bxa3 Ne4 14. Nxe4 Bxe4 15. Bg5 Re8 16. Rac1 Na6 17. Rfd1 Rad8 18. Be3 Rd5 19. Bf1 Red8 20. Ng5 Bf5 21. Bg2 R5d7 22. Nf3 Be4 23. Rd2 Nc7 24. Rb2 Ne6 25. Bh3 f5 26. Ne5 Bxe5 27. dxe5 Rd1+ 28. Rxd1 Rxd1+ 29. Bf1 c5 30. f3 Bd5 31. Kf2 b6 32. a4 Ra1 33. Rd2 Nc7 34. a5 Rxa2 35. axb6 axb6 36. Rd1 Rc2 37. Bf4 Be6 38. Rd8+ Kf7 39. Rh8 b5 40. Rxh7+ Ke8 41. Bg5 Bf7 42. Rh8+ Kd7 43. Rh7 Ke6 44. Bh3 b4 45. g4 b3 46. gxf5+ gxf5 47. Rh6+ Kxe5 48. Bxe7 Ne8 49. Rb6 b2 50. Ke3 Rc3+ 51. Kd2 Rb3 0-1